Detalles MARC
| 000 -CABECERA |
| campo de control de longitud fija |
00948nam a2200241 a 4500 |
| 001 - NÚMERO DE CONTROL |
| campo de control |
000005561 |
| 005 - FECHA Y HORA DE LA ÚLTIMA TRANSACCIÓN |
| campo de control |
20200929151720.0 |
| 008 - DATOS DE LONGITUD FIJA--INFORMACIÓN GENERAL |
| campo de control de longitud fija |
090820s1984 sp ab 000 0 spa d |
| 020 ## - NÚMERO INTERNACIONAL ESTÁNDAR DEL LIBRO |
| Número Internacional Estándar del Libro |
840005962X |
| 040 ## - FUENTE DE LA CATALOGACIÓN |
| Centro catalogador/agencia de origen |
DO-SdBNP |
| 082 ## - NÚMERO DE LA CLASIFICACIÓN DECIMAL DEWEY |
| Número de clasificación |
738.6 |
| Número de documento/Ítem |
P132i |
| 049 ## - FONDOS LOCALES (OCLC) |
| Fondos de biblioteca |
BNPD |
| 100 1# - ENTRADA PRINCIPAL--NOMBRE DE PERSONA |
| Nombre de persona |
Page del Pozo, Virginia |
| 9 (RLIN) |
15709 |
| 245 10 - MENCIÓN DE TÍTULO |
| Título |
Imitaciones de influjo griego en la cerámica ibérica de Valencia, Alicante y Murcia. / |
| Mención de responsabilidad, etc. |
Virginia Page del Pozo ; prólogo Ana María Muñoz Amilibia. |
| 260 ## - PUBLICACIÓN, DISTRIBUCIÓN, ETC. |
| Lugar de publicación, distribución, etc. |
Madrid, : |
| Nombre del editor, distribuidor, etc. |
CSIC, |
| Fecha de publicación, distribución, etc. |
1984. |
| 300 ## - DESCRIPCIÓN FÍSICA |
| Extensión |
308 p. : |
| Otras características físicas |
il., map. ; |
| Dimensiones |
23 cm. |
| 440 #0 - MENCIÓN DE SERIE/PUNTO DE ACCESO ADICIONAL--TÍTULO |
| Título |
Iberia Graeca |
| Nombre de parte o sección de la obra |
Arqueologica |
| Número de parte o sección de la obra |
1 |
| 9 (RLIN) |
15710 |
| 504 ## - NOTA DE BIBLIOGRAFÍA, ETC. |
| Nota de bibliografía, etc. |
Incluye referencias bibliográficas y notas al pie de las páginas |
| 504 ## - NOTA DE BIBLIOGRAFÍA, ETC. |
| Nota de bibliografía, etc. |
Incluye bibliografías (p. 23-39) |
| 650 #4 - PUNTO DE ACCESO ADICIONAL DE MATERIA--TÉRMINO DE MATERIA |
| Término de materia o nombre geográfico como elemento de entrada |
Cerámica ibérica |
| Subdivisión geográfica |
Valencia |
| Subdivisión general |
Influencia griega |
| 9 (RLIN) |
15711 |
| 700 1# - PUNTO DE ACCESO ADICIONAL--NOMBRE DE PERSONA |
| Nombre de persona |
Muñoz Amilibia, Ana María |
| Término indicativo de función/relación |
pról. |
| 9 (RLIN) |
15712 |
| 710 1# - PUNTO DE ACCESO ADICIONAL--NOMBRE DE ENTIDAD CORPORATIVA |
| Nombre de entidad corporativa o nombre de jurisdicción como elemento de entrada |
Consejo Superior de Investigaciones Científicas |
| 9 (RLIN) |
4786 |